000 00272nam a2200109Ia 4500
008 200302s9999 xx 000 0 und d
100 _aJacobo Krauel
245 _aUrban Spaces Environments for the Future
260 _bAzur Corporation
260 _c2009
300 _a299 P.,
999 _c5742
_d5742